Statistiche per Elenca la formazione - Quiz n°118

Clicka qui per fare il quiz!

Statistiche generali

  • Questo quiz è stato fatto 8 volte
  • Il punteggio medio è 7 su 11

Statistiche sulle risposte

RuoloNazioneCalciatore% Corretto
DifensoreSerbiaNeven Subotić
88%
TrequartistaGiapponeShinji Kagawa
88%
AlaPoloniaJakub Błaszczykowski
75%
DifensoreGermaniaMats Hummels
75%
CentrocampistaTurchiaNuri Şahin
75%
PortiereGermaniaRoman Weidenfeller
75%
DifensorePoloniaŁukasz Piszczek
63%
DifensoreGermaniaMarcel Schmelzer
50%
AlaGermaniaKevin Großkreutz
25%
CentrocampistaGermaniaSven Bender
25%
AttaccanteParaguayLucas Barrios
13%

Distribuzione punteggi

Percentile per numero di risposta

Percentuale di utenti per punteggio

I tuoi punteggi nel tempo

Non hai fatto questo quiz